000
00380cam a2200133ua 4500
020
_a
8174090991
082
_a
670.
_b
JAI/PR
100
_a
Jain, R.K,
_9
1348
245
_a
Production Ttechnology
250
_a
17 th
260
_a
Delhi
_b
Khanna Publishers
_c
2010
300
_a
1090.
942
_c
BK
999
_c
13608
_d
13608